00221nam a2200085Ia 4500001000800000005001700008008004100025245004900066260002000115120612820251014093359.0250824s9999 xx 000 0 und d 0aYEDİ GÜZEL ADAM cCAHİT ZARİFOĞLU bBEYAN YAYINLARI